Top 5 Quarterbacks for each NFL Team - Statistics

General Stats
  • This quiz has been taken 60 times
    42 since last reset
  • The average score is 89 of 160
Answer Stats
Hint Answer Years Played On team % Correct
1. 49ers Joe Montana 1979-1992
100%
1. Giants Eli Manning 2004-2019
97%
2. Bills Josh Allen 2018-
97%
2. Broncos Peyton Manning 2012-2015
97%
2. Colts Peyton Manning 1998-2011
97%
2.Saints Archie Manning 1971-1982
94%
4.Cowboys Dak Prescott 2016-
94%
5. Seahawks Geno Smith 2020-2024
94%
1. Broncos John Elway 1983-1998
94%
1. Buccaneers Tom Brady 2020-2022
94%
1, Patriots Tom Brady 2001-2019
94%
3. Chiefs Alex Smith 2013-2017
91%
2. Steelers Ben Roethlisberger 2004-2022
91%
1.Bills Jim Kelly 1986-1996
91%
1.Ravens Lamar Jackson 2018-
91%
1. Lions Matthew Stafford 2009-2020
91%
2.Rams Matthew Stafford 2020-
91%
1. Chiefs Patrick Mahomes 2017-
91%
1, Packers Aaron Rodgers 2005-2022
89%
1. Dolphins Dan Marino 1983-1999
89%
1.Saints Drew Brees 2006-2020
89%
3. Eagles Jalen Hurts 2020-
89%
3. Lions Jared Goff 2020-
89%
3. Cardinals Kurt Warner 2005-2008
89%
1.Rams Kurt Warner 1998-2003
89%
1. Falcons Matt Ryan 2008-2021
89%
1.Chargers Philip Rivers 2004-2019
89%
3.Cowboys Tony Romo 2003-2015
89%
5. Browns Baker Mayfield 2018-2021
86%
5,Panthers Bryce Young 2023-
86%
2. Raiders Derek Carr 2014-2022
86%
3.Bengals Joe Burrow 2020-
86%
2.Ravens Joe Flacco 2008-2018
86%
4. Commanders Kirk Cousins 2012-2017
86%
3, Vikings Kirk Cousins 2018-2023
86%
1. Seahawks Russell Wilson 2012-2021
86%
2 .49ers Steve Young 1987-1999
86%
3. Texans David Carr 2002-2006
83%
1. Jets Joe Namath 1965-1976
83%
4.Chargers Justin Herbert 2020-
83%
3. Falcons Michael Vick 2001-2006
83%
5, Titans Vince Young 2006-2010
83%
3. Colts Andrew Luck 2012-2018
80%
2. Packers Brett Favre 1992-2007
80%
4. Jaguars Trevor Lawrence 2021-
80%
4, Dolphins Tua Tagovailoa 2020-
80%
4.Saints Bobby Herbert 1985-1992
77%
1. Panthers Cam Newton 2011-2019
77%
1. Texans Deshaun Watson 2017-2022
77%
2. Patriots Drew Bledsoe 1993-2001
77%
3. Buccaneers Jameis Winston 2015-2019
77%
5. 49ers Jimmy Garoppolo 2017-2023
77%
4. Eagles Nick Foles 2012-2014 2017-2018
77%
1. Cowboys Roger Staubach 1969-1979
77%
1. Steelers Terry Bradshaw 1970=1983
77%
2. Cowboys Troy Aikman 1989-2000
77%
4.Bengals Andy Dalton 2011-2019
74%
5.Bengals Carson Palmer 2003-2010
74%
4. Cardinals Carson Palmer 2013-2017
74%
5.Dolphins Ryan Tannehill 2012-2018
74%
2. Jaguars Blake Bortles 2014-2018
71%
1. Vikings Fran Tarkenton 1981-1966 1972-1978
71%
4. Texans C.J. Stroud 2023-
69%
1. Colts Johnny Unitas 1956-1972
69%
5. Jets Mark Sanchez 2009-2013
69%
2. Titans Warren Moon 1984-1993
69%
1. Eagles Donovan Mcnabb 1999-2009
66%
2. Bears Jay Cutler 2009 - 2016
66%
5. Broncos Jay Cutler 2006-2008
66%
1. Browns Otto Graham 1946-1955
66%
2. Vikings Daunte Culpepper 1999-2005
63%
3. Packers Bart Starr 1956-1971
60%
2. Seahawks Matt Hasselbeck 2001-2010
57%
2. Texans Matt Schaub 2007-2013
57%
4.Ravens Steve McNair 2006-2007
57%
1. Titans Steve McNair 1995-2005
57%
3.Ravens Vinny Testaverde 1996-1997
57%
1. Commanders Joe Theismann 1974-1985
54%
5. Texans Davis Mills 2021-
51%
4. Buccaneers Doug Williams 1979-1982
51%
5. Commanders Doug Williams 1986-1989
51%
1.Bengals Ken Anderson 1971-1986
51%
2. Chiefs Len Dawson 1962-1975
51%
2. Buccaneers Brad Johnson 2001-2004
49%
2. Eagles Randall Cunningham 1985-1995
49%
5. Vikings Randall Cunningham 1997-1999
49%
4.Raiders Rich Gannon 1999-2004
49%
4.Chiefs Trent Green 2001-2006
49%
2.Bengals Boomer Esiason 1984-1992
46%
2. Chargers Dan Fouts 1973-1987
46%
4. Colts Bert Jones 1973-1981
43%
4. 49ers Jeff Garcia 1999-2003
43%
5. Buccaneers Josh Freeman 2009-2013
43%
1. Raiders Ken Stabler 1970-1979
43%
2. Giants Phil Simms 1979-1993
43%
4. Browns Tim Couch 1999-2003
43%
5.Ravens Trent Dilfer 2000
43%
2.Dolphins Bob Griese 1967-1980
40%
4. Giants Kerry Collins 1999-2003
40%
4. Panthers Kerry Collins 1995-1998
40%
1. Jaguars Mark Brunell 1995-2003
40%
5. Eagles Ron Jaworski 1977-1986
40%
2. Browns Brian Sipe 1974-1983
37%
2. Panthers Jake Delhomme 2003-2009
37%
3. Broncos Jake Plummer 2003-2006
37%
5. Cardinals Jake Plummer 1997-2002
37%
4. Bears Jim Harbaugh 1987 - 1993
37%
3.Raiders Jim Plunkett 1978-1986
37%
3.Rams Norm Van Brocklin 1949-1957
37%
3. Jets Chad Pennington 2000-2007
34%
3. Bears Jim McMahon 1982 - 1988
34%
3. Commanders Sammy Baugh 1937-1962
34%
1. Bears Sid Luckman 1939 - 1950
34%
3. Browns Bernie Kosar 1985-1993
31%
2. Lions Bobby Layne 1950-1957
31%
4. Falcons Chris Chandler 1997-2001
31%
4. Broncos Craig Morton 1977-1982
31%
3. Jaguars David Garrard 2002-2010
31%
5. Colts Jeff George 1990-1993
31%
1. Cardinals Jim Hart 1966-1983
31%
4. Steelers Neil O'Donnell 1990-1995
31%
5. Giants Y.A. Tittle 1961-1964
31%
3. Seahawks Dave Krieg 1980-1991
29%
5.Bills Doug Flutie 1998-2000
29%
4.Rams Jim Everett 1986-1993
29%
3. 49ers John Brodie 1957-1973
29%
2. Jets Ken O'Brien 1984-1993
29%
3. Steelers Kordell Stewart 1995-2002
29%
5.Rams Roman Gabriel 1962-1972
29%
5. Chargers Stan Humphries 1992-1997
29%
3. Panthers Steve Beuerlein 1996-2000
29%
5. Jaguars Byron Leftwich 2003-2006
26%
5.Raiders Daryle Lamonica 1967-1974
26%
3.Dolphins Earl Morrall 1972-1976
26%
4. Seahawks Jim Zorn 1976-1984
26%
3. Chargers John Hadl 1962-1972
26%
4. Packers Lynn Dickey 1976-1985
26%
2. Commanders Sonny Jurgensen 1964-1974
26%
2. Falcons Steve Bartkowski 1975-1985
26%
5.Patriots Tony Eason 1983-1989
26%
3.Saints Aaron Brooks 2000-2005
23%
3. Bills Jack Kemp 1962-1969
23%
4. Bills Joe Ferguson 1973-1984
23%
2. Cardinals Neil Lomax 1981-1986
23%
3.Patriots Steve Grogan 1975-1990
23%
4. Vikings Tommy Kramer 1977-1989
23%
5. Steelers Bubby Brister 1986-1992
20%
3, Titans George Blanda 1960-1966
20%
4. Jets Richard Todd 1976-1983
20%
5. Chiefs Steve Deberg 1988-1991
20%
5.Saints Billy Kilmer 1967-1970
17%
4, Titans Dan Pastorini 1971-1979
17%
4.Patriots Babe Parilli 1961-1967
14%
5. Bears Ed Brown 1954 - 1961
14%
4. Lions Greg Landry 1968-1978
14%
5. Packers Tobin Rote 1950-1956
14%
3. Giants Charlie Conerly 1948-1961
11%
5.Falcons Chris Miller 1987-2993
11%
5. Lions Scott Miller 1994-1998
11%
5. Cowboys Don Meredith 1960-1968
3%
No matching quizzes found
Score Distribution
Percent of People with Each Score
Percentile by Number Answered
Your Score History
You have not taken this quiz since the last reset